书目信息 |
| 题名: |
电子与波
|
|
| 作者: | 皮尔斯 著 ;柯红玉 译 | |
| 分册: | ||
| 出版信息: | 北京 科学出版社 1976 |
|
| 页数: | 166页 | |
| 开本: | 19cm | |
| 丛书名: | 无线电电子学基础 | |
| 单 册: | ||
| 中图分类: | TN011 | |
| 科图分类: | ||
| 主题词: | 无线电电子学--理论 , 通信技术--理论 | |
| 电子资源: | ||
| ISBN: | ||
| 000 | 00676nam0 2200241 45 | |
| 001 | 0405201474 | |
| 005 | 20060814092027.84 | |
| 010 | @dCNY0.44 | |
| 091 | @a15031.89 | |
| 100 | @a20040520d1976 km y0chiy0120 ea | |
| 101 | 0 | @achi@ceng |
| 200 | 1 | @a电子与波@ADian Zi Yu Bo@f(美)J.R.皮尔斯著@F(Mei)J.R.Pi Er Si Zhu@g柯红玉译 |
| 210 | @a北京@c科学出版社@d1976 | |
| 215 | @a166页@d19cm | |
| 225 | @a无线电电子学基础@v第一分册 | |
| 410 | @12001 @a无线电电子学基础 | |
| 606 | 0 | @a无线电电子学@x理论 |
| 606 | 0 | @a通信技术@x理论 |
| 690 | @aTN011@v3 | |
| 701 | 0 | @a皮尔斯@4著 |
| 702 | 0 | @a柯红玉@AKe Hong Yu@4译 |
| 801 | @aCN@bTSTCL@c20060814 | |
| 905 | @f1@b8949@dTN011@e2:1 | |
| 电子与波/(美)J.R.皮尔斯著/柯红玉译.-北京:科学出版社,1976 |
| 166页;19cm.-(无线电电子学基础;第一分册) |
| ISBN :CNY0.44 |
| ● |
| 相关链接 |
|
|
|
|
正题名:电子与波
索取号:TN011/2:1
 
预约/预借
| 序号 | 登录号 | 条形码 | 馆藏地/架位号 | 状态 | 备注 |
| 1 | 0008949 | 001348009 | 第三借阅区/ [索取号:TN011/2:1] | 在馆 | |
| 2 | 0008950 | 001348045 | 第二样本阅览室/ [索取号:TN011/2:1] | 在馆 | |
| 3 | 0452121 | 204521213 | 密集书库/ [索取号:TN011/2:1] | 在馆 | |
| 4 | 0458091 | 204580916 | 密集书库/ [索取号:TN011/2:1] | 在馆 | |
| 5 | 0458092 | 204580925 | 密集书库/ [索取号:TN011/2:1] | 在馆 |